| 000 | 00682na a2200241 4500 | ||
|---|---|---|---|
| 001 | 21598 | ||
| 003 | MIRAKIL | ||
| 005 | 20181213154825.0 | ||
| 008 | 170205b tu 000 0 | ||
| 020 | _a9758913050 | ||
| 040 |
_aMilas _btur _cTR-AnCHP |
||
| 041 | _atur | ||
| 082 |
_a337.142 _bA92a 2004 |
||
| 090 | _a337.142 A92a 2004 | ||
| 100 |
_aAydoğan, Metin _d1945- |
||
| 245 |
_aAvrupa Birliği'nin neresindeyiz _bTanzimattan gümrük birliğine _cMetin Aydoğan |
||
| 250 | _a13. bs. | ||
| 260 |
_aİzmir _bUmay Yayınları _c2004 |
||
| 300 |
_a508 s. _c21 sm. |
||
| 504 | _aKaynakça(s. 483-508) var. | ||
| 610 |
_aAvrupa Birliği _gTarih _zTürkiye |
||
| 942 |
_2dcc _cBKS |
||
| 999 |
_c1527 _d1527 |
||